000 00257nam a2200097Ia 4500
008 240331s9999 xx 000 0 und d
082 _bNEG
100 _aRupasinghe,K. ed
245 0 _aNegotiating peace in Sri Lanka :
_befforts ,failures and lessons
942 _cL
999 _c2241
_d2241